Marketingkommunikáció

Bibliográfiai részletek
Szerző: Páll Zsolt Richárd
További közreműködők: Sólyomfi Dr. Andrea Hanna
Dokumentumtípus: Projektmunka
Kulcsszavak:e-marketing - elektronikus marketing
elektronikus reklám
kommunikáció
kommunikáció formái
reklámeszközök
Online Access:http://dolgozattar.uni-bge.hu/60202

MARC

LEADER 00000nnm a2200000 i 4500
001 dolg60202
005 20260409150130.0
008 260409suuuu hu o 000 hun d
040 |a BGE Dolgozattár Repozitórium  |b hun 
041 |a hu 
100 1 |a Páll Zsolt Richárd 
245 1 0 |a Marketingkommunikáció  |c Páll Zsolt Richárd  |h [elektronikus dokumentum] 
516 |a Project_work 
520 3 |a Projektmunkám témájául a marketingkommunikációt választottam, mivel ez állt hozzám a legközelebb, és úgy éreztem, hogy a jövőben ezt tudom a leghatékonyabban kamatoztatni – akár saját vállalkozásom fejlesztésében, akár további tanulmányaim során. Dolgozatomban kitérek a reklám eredetére, eszközeire és folyamatos fejlődésére. Részletesen foglalkozom a propaganda történetével, valamint annak jelenkori szerepével is. Mindezek mellett számos egyéb kapcsolódó témát is érintek, amelyeket itt nem sorolnék fel bővebben, hogy ne menjek túlságosan a részletekbe. Természetesen a kutatás sem maradt ki a dolgozatból: ezt interjú formájában végeztem el. Alanyaim saját vendégeim voltak, és válaszaik több ponton is meglepetést okoztak számomra. Ezeket az értékes visszajelzéseket a későbbiekben hasznosítani tudom majd vállalkozásom további fejlesztése során. 
695 |a e-marketing - elektronikus marketing 
695 |a elektronikus reklám 
695 |a kommunikáció 
695 |a kommunikáció formái 
695 |a reklámeszközök 
700 1 |a Sólyomfi Dr. Andrea Hanna  |e ths 
856 4 0 |u http://dolgozattar.uni-bge.hu/60202/1/P%C3%A1ll%20Zsolt%20Rich%C3%A1rd%20szakdolgozat%20v%C3%A9gleges.pdf  |z Dokumentum-elérés 
856 4 0 |u http://dolgozattar.uni-bge.hu/60202/2/P%C3%A1ll%20Zsolt%20Rich%C3%A1rd.pdf  |z Dokumentum-elérés